000 00686cam a22002413a 4500
001 18193
003 PGUSA
005 20140828083404.0
008 060417s2006||||xxu|||||s|||||000 | eng d
040 _aPGUSA
_beng
042 _adc
050 4 _aQL
100 1 _aLong, William J.
_q(William Joseph),
_d1867-1952
245 1 0 _aWays of Wood Folk
_h[electronic resource] /
_cWilliam J. Long
260 _bProject Gutenberg,
_c2006
506 _aPublic domain in the USA.
516 _aElectronic text
653 _aAnimal behavior
700 1 _aCopeland, Charles,
_d1858-1929
830 0 _aProject Gutenberg
_v18193
856 4 0 _uhttp://www.gutenberg.org/ebooks/18193
942 _cEB
999 _c247448
_d247448